<?xml version="1.0" encoding="UTF-8"?>
<record
    xmlns:xsi="http://www.w3.org/2001/XMLSchema-instance"
    xsi:schemaLocation="http://www.loc.gov/MARC21/slim http://www.loc.gov/standards/marcxml/schema/MARC21slim.xsd"
    xmlns="http://www.loc.gov/MARC21/slim">

  <leader>01311nam a22002537a 4500</leader>
  <controlfield tag="005">20230607152426.0</controlfield>
  <controlfield tag="008">230607b           ||||| |||| 00| 0 eng d</controlfield>
  <datafield tag="020" ind1=" " ind2=" ">
    <subfield code="a">9780857256294</subfield>
  </datafield>
  <datafield tag="040" ind1=" " ind2=" ">
    <subfield code="c">23</subfield>
  </datafield>
  <datafield tag="041" ind1=" " ind2=" ">
    <subfield code="a">English</subfield>
  </datafield>
  <datafield tag="082" ind1=" " ind2=" ">
    <subfield code="2">23</subfield>
    <subfield code="a">361.06</subfield>
    <subfield code="b">RIGU</subfield>
  </datafield>
  <datafield tag="100" ind1=" " ind2=" ">
    <subfield code="a">Sally Riggall</subfield>
    <subfield code="9">121739</subfield>
  </datafield>
  <datafield tag="245" ind1=" " ind2=" ">
    <subfield code="a">Using Counselling Skills in Social Work</subfield>
  </datafield>
  <datafield tag="260" ind1=" " ind2=" ">
    <subfield code="a">Los Angeles</subfield>
    <subfield code="b">Sage Publishers</subfield>
    <subfield code="c">2012</subfield>
  </datafield>
  <datafield tag="300" ind1=" " ind2=" ">
    <subfield code="a">xvi,176 p.</subfield>
    <subfield code="b">PB</subfield>
    <subfield code="c">24x17 cm.</subfield>
  </datafield>
  <datafield tag="520" ind1=" " ind2=" ">
    <subfield code="a">This practical book enables students to develop key counselling skills that can help to enhance their practice and help to place the service-user at the centre of the decision making process. Relationship building will be a key area of the text and relevant counselling skills for achieving this in social work settings such as empathic responding will be illustrated in detail together with examples of dialogue and analysis of interventions. The role and importance of self-awareness will be discussed together with various exercises to develop the readers' own knowledge of themselves.</subfield>
  </datafield>
  <datafield tag="650" ind1=" " ind2=" ">
    <subfield code="a">Counseling</subfield>
    <subfield code="9">121692</subfield>
  </datafield>
  <datafield tag="650" ind1=" " ind2=" ">
    <subfield code="a">Social service</subfield>
    <subfield code="9">121693</subfield>
  </datafield>
  <datafield tag="650" ind1=" " ind2=" ">
    <subfield code="a">Psychiatric social work</subfield>
    <subfield code="9">121694</subfield>
  </datafield>
  <datafield tag="700" ind1=" " ind2=" ">
    <subfield code="a">RIGGALL (Sally)</subfield>
    <subfield code="9">121695</subfield>
  </datafield>
  <datafield tag="700" ind1=" " ind2=" ">
    <subfield code="a">PARKER (Jonathan) Ed</subfield>
    <subfield code="9">121740</subfield>
  </datafield>
  <datafield tag="700" ind1=" " ind2=" ">
    <subfield code="a">BRADLEY (Greta) Ed</subfield>
    <subfield code="9">121741</subfield>
  </datafield>
  <datafield tag="942" ind1=" " ind2=" ">
    <subfield code="2">ddc</subfield>
    <subfield code="c">DB</subfield>
  </datafield>
  <datafield tag="999" ind1=" " ind2=" ">
    <subfield code="c">227440</subfield>
    <subfield code="d">227440</subfield>
  </datafield>
  <datafield tag="952" ind1=" " ind2=" ">
    <subfield code="0">0</subfield>
    <subfield code="1">0</subfield>
    <subfield code="2">ddc</subfield>
    <subfield code="4">0</subfield>
    <subfield code="7">0</subfield>
    <subfield code="8">SW</subfield>
    <subfield code="a">AL</subfield>
    <subfield code="b">AL</subfield>
    <subfield code="d">2023-06-05</subfield>
    <subfield code="l">0</subfield>
    <subfield code="o">361.06 RIGU</subfield>
    <subfield code="p">D05678</subfield>
    <subfield code="r">2023-06-07 00:00:00</subfield>
    <subfield code="w">2023-06-07</subfield>
    <subfield code="y">DB</subfield>
  </datafield>
</record>
